Mlčanlivý vlak

Bibliographic Details
Main Author: Valent, Pavol, 1939-2009 (Author)
Format: Article
Language:Slovak
Subjects:

MARC

LEADER 00000nab a2200000uu 4500
001 vtls011524837
003 SK-MaSNL
005 20260303221337.0
008 230704|1967 xo |||||||||||||||||slo|
015 |a SNBRB 
035 |a (urnnbn)urn:nbn:sk:snk:ar-002oss 
035 |a (uuid)dbeb59ea-9e32-4bd4-97d2-39ef6265419a 
035 |a urn:nbn:sk:snk-abecab 
040 |a SNKBUCL  |b slo  |c SNKBUCL  |e AACR2 
041 0 |a slo 
044 |a xo  |c SK 
100 1 |a Valent, Pavol,  |d 1939-2009  |4 aut  |9 24464 
245 1 0 |a Mlčanlivý vlak  |c Pavol Valent 
655 7 |a slovenská poézia  |2 SNKPH  |9 70444 
773 0 |t Slovenské pohľady  |g Roč. 83, č. 1 (1967), s. 107-108 
850 |a Slovenská národná knižnica 
852 |a Slovenská národná knižnica 
954 |a beletria pôvodná (slovenská)  |2 lita 
958 |a OND 
958 |a EUIPO 
958 |a article21 
999 |c 2233218  |d 2235148